000 01822nam0a2200289 4500
001 RU\NLR\BIBL_A\011322865
005 20170310104112.0
021 _aRU
_b2017-513
_940
035 _a(NLR Aleph) 011322865
090 _a11089112
_c11089112
100 _a20170208d2016 k y0rusy50 ca
101 0 _arus
102 _aRU
105 _aa j 000zy
200 1 _aПассажирские одноканатные дороги. Устройство и эксплуатация
_eучебное пособие
_e[для магистров направления подготовки 190100 "Наземные транспортно-технологические комплексы"]
_fА. С. Логвинов, А. А. Короткий
_gМинистерство образования и науки Российской Федерации, Федеральное государственное бюджетное образовательное учреждение высшего образования "Донской государственный технический университет"
210 _aРостов-на-Дону
_cИздательский центр ДГТУ
_d2016
215 _a209 с.
_cил.
_d21
320 _aБиблиогр.: с. 209 (9 назв.)
606 1 _aПодвесные канатные дороги пассажирские
_jУчебные издания для высших учебных заведений
_2nlr_sh2
_3RU\NLR\AUTH\6601611564
686 1 _aО864я73-1
700 1 _aЛогвинов
_bА. С.
_gАлександр Стефанович
701 1 _aКороткий
_bА. А.
_f1957-
_gАнатолий Аркадьевич
_3RU\NLR\AUTH\7753465
942 _cBOOK
980 _aNBR
980 _aNB